Paris Metro - all stations, with a map - Statistics

General Stats
  • This quiz has been taken 4,116 times
  • The average score is 93 of 383
Answers on the Map
Answers color-coded by a green-red scale on the quiz's map according to % correct below.
 
Answer Stats
Line Station % Correct
Line 4 | Line 5 Gare du Nord
71%
Line 1 | Line 11 | Line 14 | +2 others Châtelet
70%
Line 1 | Line 14 Gare de Lyon
65%
Line 4 | Line 5 | Line 7 Gare de L'Est
62%
Line 1 | Line 2 | Line 6 | Line 9 Nation
61%
Line 1 | Line 5 | Line 8 Bastille
60%
Line 3 | Line 7 | Line 8 Opéra
56%
Line 1 | Line 12 | Line 8 Concorde
54%
Line 1 | Line 2 | Line 6 Charles de Gaulle — Étoile
53%
Line 11 | Line 3 | Line 5 | +2 others République
53%
Line 4 Les Halles
52%
Line 12 | Line 13 | Line 14 | Line 3 Saint-Lazare
51%
Line 6 | Line 9 Trocadéro
50%
Line 12 | Line 13 | Line 4 | Line 6 Montparnasse-Bienvenüe
49%
Line 10 | Line 5 Gare d'Austerlitz
47%
Line 1 | Line 11 Hôtel de Ville
46%
Line 14 | Line 6 Bercy
45%
Line 1 Louvre — Rivoli
45%
Line 5 | Line 6 | Line 7 Place d'Italie
45%
Line 2 | Line 5 | Line 7 Stalingrad
45%
Line 4 Cité
43%
Line 12 | Line 2 Pigalle
43%
Line 1 | Line 9 Franklin D. Roosevelt
42%
Line 13 | Line 8 Invalides
42%
Line 12 | Line 14 | Line 8 Madeleine
40%
Line 6 Bir-Hakeim
39%
Line 1 Château de Vincennes
39%
Line 10 | Line 4 Odéon
39%
Line 4 Saint-Michel
38%
Line 1 Tuileries
37%
Line 14 | Line 7 Pyramides
36%
Line 1 Saint-Paul
36%
Line 1 | Line 13 Champs-Élysées - Clemenceau
35%
Line 14 Olympiades
35%
Line 11 | Line 3 Arts et Métiers
34%
Line 2 | Line 4 Barbès - Rochechouart
34%
Line 1 George V
34%
Line 2 | Line 3 Père Lachaise
34%
Line 1 Argentine
33%
Line 4 | Line 6 Denfert-Rochereau
33%
Line 1 Porte de Vincennes
33%
Line 4 | Line 8 | Line 9 Strasbourg - Saint-Denis
33%
Line 11 | Line 2 Belleville
32%
Line 1 | Line 7 Palais Royal - Musée du Louvre
31%
Line 13 | Line 2 Place de Clichy
31%
Line 4 Porte de Clignancourt
31%
Line 14 Bibliothèque François Mitterrand
30%
Line 6 Passy
30%
Line 1 Porte Maillot
30%
Line 12 Abbesses
29%
Line 2 Anvers
29%
Line 8 Balard
29%
Line 4 Château d'Eau
29%
Line 1 Esplanade de La Défense
29%
Line 5 | Line 9 Oberkampf
29%
Line 2 Porte Dauphine
29%
Line 4 Saint-Sulpice
29%
Line 2 Victor Hugo
29%
Line 8 | Line 9 Grands Boulevards
28%
Line 2 | Line 5 | Line 7bis Jaurès
28%
Line 10 | Line 7 Jussieu
28%
Line 13 Porte de Clichy
28%
Line 4 Saint-Germain-des-Prés
28%
Line 8 | Line 9 Bonne Nouvelle
27%
Line 7 Porte d'Italie
27%
Line 3 | Line 4 Réaumur - Sébastopol
27%
Line 2 Rome
27%
Line 2 Blanche
26%
Line 4 Alésia
25%
Line 12 Mairie d'Issy
25%
Line 1 Pont de Neuilly
25%
Line 7 Pont Neuf
25%
Line 11 | Line 3bis Porte des Lilas
25%
Line 4 Porte d'Orléans
25%
Line 4 | Line 6 Raspail
25%
Line 3 | Line 3bis Gambetta
24%
Line 9 Iéna
24%
Line 2 La Chapelle
24%
Line 1 Les Sablons
24%
Line 4 Mairie de Montrouge
24%
Line 12 | Line 6 Pasteur
24%
Line 12 Porte de Versailles
24%
Line 4 Saint-Placide
24%
Line 3 Bourse
23%
Line 4 Château Rouge
23%
Line 10 | Line 13 Duroc
23%
Line 6 Glacière
23%
Line 6 Kléber
23%
Line 13 La Fourche
23%
Line 1 | Line 8 Reuilly — Diderot
23%
Line 2 | Line 3 Villiers
23%
Line 12 Assemblée Nationale
22%
Line 3 Gallieni
22%
Line 10 | Line 6 | Line 8 La Motte-Picquet - Grenelle
22%
Line 11 Mairie des Lilas
22%
Line 13 | Line 9 Miromesnil
22%
Line 2 Monceau
22%
Line 10 | Line 12 Sèvres-Babylone
22%
Line 4 Vavin
22%
Line 6 | Line 8 Daumesnil
21%
Line 6 Dupleix
21%
Line 8 École Militaire
21%
Line 4 Étienne Marcel
21%
Line 9 Mairie de Montreuil
21%
Line 1 Saint-Mandé
21%
Line 2 Ternes
21%
Line 3 Europe
20%
Line 3 | Line 9 Havre - Caumartin
20%
Line 7 Mairie d'Ivry
20%
Line 12 Porte de la Chapelle
20%
Line 9 Voltaire
20%
Line 8 Filles du Calvaire
19%
Line 1 La Défense - Grande Arche
19%
Line 7 Les Gobelins
19%
Line 13 Mairie de Saint-Ouen
19%
Line 2 Ménilmontant
19%
Line 6 Picpus
19%
Line 7 Poissonnière
19%
Line 9 Pont de Sèvres
19%
Line 11 Rambuteau
19%
Line 3 Temple
19%
Line 2 Alexandre Dumas
18%
Line 5 Bobigny - Pablo Picasso
18%
Line 10 Cluny-La Sorbonne
18%
Line 14 Cour Saint-Émilion
18%
Line 7 Maison Blanche
18%
Line 10 | Line 9 Michel-Ange - Molitor
18%
Line 6 Nationale
18%
Line 11 | Line 7bis Place des Fêtes
18%
Line 7 Place Monge
18%
Line 13 Porte de Saint-Ouen
18%
Line 7 Porte d'Ivry
18%
Line 5 Quai de la Rapée
18%
Line 12 Rue du Bac
18%
Line 9 Alma-Marceau
17%
Line 6 Cambronne
17%
Line 2 Colonel Fabien
17%
Line 2 Courcelles
17%
Line 6 Edgar Quinet
17%
Line 13 Liège
17%
Line 12 | Line 4 Marcadet - Poissonniers
17%
Line 9 Porte de Montreuil
17%
Line 9 Porte de Saint-Cloud
17%
Line 6 Quai de la Gare
17%
Line 9 Saint-Augustin
17%
Line 13 Saint-Denis - Université
17%
Line 3 Sentier
17%
Line 12 Vaugirard
17%
Line 3 Wagram
17%
Line 2 Avron
16%
Line 6 Bel-Air
16%
Line 1 Bérault
16%
Line 6 Boissière
16%
Line 7bis Buttes Chaumont
16%
Line 8 Créteil-Université
16%
Line 10 | Line 9 Michel-Ange - Auteuil
16%
Line 5 Ourcq
16%
Line 7 Pont Marie
16%
Line 10 Porte d'Auteuil
16%
Line 7 Porte de la Villette
16%
Line 13 Porte de Vanves
16%
Line 8 Porte Dorée
16%
Line 11 Pyrénées
16%
Line 12 Rennes
16%
Line 12 Solférino
16%
Line 7 Tolbiac
16%
Line 8 Commerce
15%
Line 12 Convention
15%
Line 6 Corvisart
15%
Line 9 Jasmin
15%
Line 7 | Line 7bis Louis Blanc
15%
Line 3 Parmentier
15%
Line 3 Porte de Bagnolet
15%
Line 3 Quatre Septembre
15%
Line 6 Saint-Jacques
15%
Line 7 Cadet
14%
Line 7 | Line 9 Chaussée d'Antin - La Fayette
14%
Line 6 Chevaleret
14%
Line 2 Couronnes
14%
Line 8 Créteil-Préfecture
14%
Line 7 Crimée
14%
Line 6 Dugommier
14%
Line 12 Front Populaire
14%
Line 13 Gaîté
14%
Line 11 Goncourt
14%
Line 9 La Muette
14%
Line 10 Mabillon
14%
Line 12 Notre-Dame de Lorette
14%
Line 12 Notre-Dame des Champs
14%
Line 9 Ranelagh
14%
Line 9 Rue de la Pompe
14%
Line 6 Sèvres-Lecourbe
14%
Line 4 Simplon
14%
Line 11 Télégraphe
14%
Line 10 Cardinal Lemoine
13%
Line 9 Charonne
13%
Line 13 Châtillon-Montrouge
13%
Line 8 Créteil-Pointe du Lac
13%
Line 10 Église d'Auteuil
13%
Line 5 Église de Pantin
13%
Line 11 Jourdain
13%
Line 13 Mairie de Clichy
13%
Line 3 Malesherbes
13%
Line 4 Mouton-Duvernet
13%
Line 3 Pereire
13%
Line 2 Philippe Auguste
13%
Line 8 Porte de Charenton
13%
Line 7 Porte de Choisy
13%
Line 5 Richard Lenoir
13%
Line 8 | Line 9 Richelieu Drouot
13%
Line 9 Robespierre
13%
Line 5 Saint-Marcel
13%
Line 7 Sully - Morland
13%
Line 7 Villejuif - Louis Aragon
13%
Line 3 Anatole France
12%
Line 9 Billancourt
12%
Line 5 Campo-Formio
12%
Line 8 Chemin Vert
12%
Line 9 Exelmans
12%
Line 13 Guy Môquet
12%
Line 5 Jacques Bonsergent
12%
Line 12 Jules Joffrin
12%
Line 5 Laumière
12%
Line 7 Le Kremlin-Bicêtre
12%
Line 3 Louise Michel
12%
Line 12 Marx Dormoy
12%
Line 10 Mirabeau
12%
Line 3 Porte de Champerret
12%
Line 12 Saint-Georges
12%
Line 13 Varenne
12%
Line 12 Volontaires
12%
Line 10 Avenue Émile Zola
11%
Line 13 Basilique de Saint-Denis
11%
Line 7bis Bolivar
11%
Line 12 Corentin Celton
11%
Line 8 Félix Faure
11%
Line 5 Hoche
11%
Line 10 Javel - André Citroën
11%
Line 8 Liberté
11%
Line 10 Maubert - Mutualité
11%
Line 13 Pernety
11%
Line 7 Pierre et Marie Curie
11%
Line 13 Plaisance
11%
Line 3 Pont de Levallois – Bécon
11%
Line 9 Rue des Boulets
11%
Line 3 Rue Saint-Maur
11%
Line 13 Saint-François-Xavier
11%
Line 10 Ségur
11%
Line 10 Vaneau
11%
Line 7bis Botzaris
10%
Line 8 Boucicaut
10%
Line 5 Bréguet-Sabin
10%
Line 9 Buzenval
10%
Line 7 Censier - Daubenton
10%
Line 9 Croix de Chavaux
10%
Line 7bis Danube
10%
Line 12 Falguière
10%
Line 13 Garibaldi
10%
Line 7 La Courneuve - 8 mai 1945
10%
Line 12 Lamarck - Caulaincourt
10%
Line 8 La Tour Maubourg
10%
Line 8 Ledru-Rollin
10%
Line 7 Le Peletier
10%
Line 8 Lourmel
10%
Line 9 Marcel Sembat
10%
Line 9 Saint-Ambroise
10%
Line 9 Saint-Philippe du Roule
10%
Line 13 Brochant
9%
Line 13 Carrefour Pleyel
9%
Line 10 Charles Michels
9%
Line 7 Château Landon
9%
Line 7 Corentin Cariou
9%
Line 8 Créteil-L'Échat
9%
Line 13 Gabriel Péri
9%
Line 3bis Pelleport
9%
Line 7 Riquet
9%
Line 3bis Saint-Fargeau
9%
Line 10 Boulogne - Jean Jaurès
8%
Line 8 Faidherbe — Chaligny
8%
Line 7 Fort d'Aubervilliers
8%
Line 9 Maraîchers
8%
Line 8 Montgallet
8%
Line 7bis Pré Saint-Gervais
8%
Line 7 Villejuif - Léo Lagrange
8%
Line 10 Boulogne - Pont de Saint-Cloud
7%
Line 10 Chardon Lagache
7%
Line 8 Charenton-Écoles
7%
Line 13 Les Agnettes
7%
Line 13 Malakoff - Plateau de Vanves
7%
Line 8 Michel Bizot
7%
Line 13 Saint-Denis - Porte de Paris
7%
Line 12 Trinité d'Estienne d'Orves
7%
Line 13 Asnières-Gennevilliers–Les Courtilles
6%
Line 8 École Vétérinaire de Maisons-Alfort
6%
Line 8 Saint-Sébastien - Froissart
6%
Line 7 Villejuif - Paul Vaillant-Couturier
6%
Line 8 Maisons-Alfort — Stade
5%
Line 13 Malakoff - Rue Étienne Dolet
5%
Line 7 Aubervilliers - Pantin - Quatre Chemins
4%
Line 5 Bobigny - Pantin - Raymond Queneau
4%
Line 8 Maisons-Alfort — Les Juilliottes
4%
Line 5 Porte de Pantin (Parc de la Villette)
3%
No matching quizzes found
Score Distribution
Percent of People with Each Score
Percentile by Number Answered
Your Score History
You have not taken this quiz